Combinatorial mathematics VI
में बचाया:
| मुख्य लेखकों: | , |
|---|---|
| स्वरूप: | पुस्तक |
| भाषा: | अंग्रेज़ी |
| प्रकाशित: |
Berlín
Springer-Verlag
1979
|
| श्रृंखला: | Lecture Notes in Mathematics, 748
|
| विषय: | |
| टैग: |
टैग जोड़ें
कोई टैग नहीं, इस रिकॉर्ड को टैग करने वाले पहले व्यक्ति बनें!
|
MARC
| LEADER | 00000nam a2200000 a 4500 | ||
|---|---|---|---|
| 001 | UCP1815 | ||
| 003 | CL-VaPUC | ||
| 005 | 20231123095004.0 | ||
| 008 | 990426e19790000gw 1 eng d | ||
| 082 | 0 | 4 | |a 511.6 |b HOR |2 21 |
| 100 | 1 | |a Horadam, A. F |e author |9 619428 | |
| 700 | 1 | |a Wallis, W. D |e author |9 619429 | |
| 245 | 1 | 0 | |a Combinatorial mathematics VI |
| 260 | |a Berlín |b Springer-Verlag |c 1979 | ||
| 300 | |a 206 p | ||
| 490 | 0 | |a Lecture Notes in Mathematics, 748 | |
| 583 | |a last modification |c 19990426 00:00:00 |k Rodrigo Vera | ||
| 650 | 0 | 0 | |a Análisis combinatorio |9 269849 |
| 650 | 0 | 7 | |a COMBINATORIA |2 CL-VaPUC |9 392344 |
| 650 | 0 | 0 | |a Congresos |9 257560 |
| 942 | |c BK | ||
| 945 | |a crobeson |d 19990426 00:00:00 | ||
| 546 | |a En Inglés | ||
| 518 | |p Australian Conference on Combinatorial Mathematics, 6, Armidale, agosto de 1978 | ||
| 999 | |c 383395 |d 383393 | ||
| 952 | |0 0 |1 0 |4 0 |6 511_600000000000000_HOR_1979 |7 0 |8 A |9 505499 |a BIBMAT |b BIBMAT |d 2020-01-23 |i 1344161 |o 511.6 HOR 1979 |p 1344161 |r 2025-01-07 |w 2020-01-23 |y BK |k MAT | ||